| 000 | 00715nam a22002417a 4500 | ||
|---|---|---|---|
| 003 | OSt | ||
| 005 | 20240509084417.0 | ||
| 008 | 240509b |||||||| |||| 00| 0 eng d | ||
| 020 | _a9789394421394 | ||
| 040 | _cSTCPL | ||
| 041 | _aMAL | ||
| 082 |
_aM40 9 _bRAJ-N |
||
| 100 |
_aRajeev, V _qവി. രാജീവ് |
||
| 100 |
_a P. T., Anu _qഅനു പി. റ്റി. |
||
| 245 |
_aNadodisamskara padanam / _cby V. Rajeev and Anu P. T. _hനാടോടിസംസ്കാര പഠനം / |
||
| 260 |
_aThiruvananthapuram : _bThe State Institute of Languages , _c2022 . |
||
| 300 |
_a206 p. _bPB |
||
| 650 | _aMalayalam | ||
| 650 | _aStudy | ||
| 942 | _cBK | ||
| 942 | _2ddc | ||
| 942 |
_2ddc _n0 |
||
| 999 |
_c82817 _d82817 |
||